Revolution in Russia! : (Record no. 13312)
[ view plain ]
| 000 -LEADER | |
|---|---|
| fixed length control field | 01337cam a22003251i 4500 |
| 001 - CONTROL NUMBER | |
| control field | 1227842 |
| 003 - CONTROL NUMBER IDENTIFIER | |
| control field | EG-ScBUE |
| 005 - DATE AND TIME OF LATEST TRANSACTION | |
| control field | 20240605085630.0 |
| 008 - FIXED-LENGTH DATA ELEMENTS--GENERAL INFORMATION | |
| fixed length control field | 740605t1967 nyuach f b 001 0 eng d |
| 040 ## - CATALOGING SOURCE | |
| Original cataloging agency | DLC |
| Language of cataloging | eng |
| Description conventions | rda |
| Transcribing agency | DLC |
| Modifying agency | DLC |
| -- | EG-ScBUE |
| 043 ## - GEOGRAPHIC AREA CODE | |
| Geographic area code | e-ur--- |
| -- | n-us--- |
| 082 04 - DEWEY DECIMAL CLASSIFICATION NUMBER | |
| Classification number | 947.0841 |
| Edition number | 22 |
| Item number | REV |
| 245 00 - TITLE STATEMENT | |
| Title | Revolution in Russia! : |
| Remainder of title | as reported by the New York Tribune and the New York Herald, 1894-1921 / |
| Statement of responsibility, etc | edited by Edward W. Pearlstien ; introduction by Richard O'Connor. |
| 264 #1 - PUBLICATION, DISTRIBUTION, ETC. (IMPRINT) | |
| Place of publication, distribution, etc | New York : |
| Name of publisher, distributor, etc | The Viking Press, |
| Date of publication, distribution, etc | [1967] |
| 264 #4 - PUBLICATION, DISTRIBUTION, ETC. (IMPRINT) | |
| Date of publication, distribution, etc | c1967 |
| 300 ## - PHYSICAL DESCRIPTION | |
| Extent | xxii, 297 pages : |
| Other physical details | facsimiles, illustrations, portraits ; |
| Dimensions | 25 cm |
| 336 ## - CONTENT TYPE | |
| Source | rdacontent |
| Content type term | text |
| Content type code | txt |
| 337 ## - MEDIA TYPE | |
| Media type term | unmediated |
| Source | rdamedia |
| Media type code | n |
| 338 ## - CARRIER TYPE | |
| Carrier type term | volume |
| Carrier type code | nc |
| Source | rdacarrier |
| 504 ## - BIBLIOGRAPHY, ETC. NOTE | |
| Bibliography, etc | Includes bibliographical references and index.<br/> |
| 651 #7 - SUBJECT ADDED ENTRY--GEOGRAPHIC NAME | |
| Geographic name | Soviet Union |
| General subdivision | History |
| Chronological subdivision | Revolution, 1917-1921 |
| General subdivision | Foreign public opinion. |
| Source of heading or term | BUEsh |
| 9 (RLIN) | 11098 |
| 651 #7 - SUBJECT ADDED ENTRY--GEOGRAPHIC NAME | |
| Geographic name | Soviet Union |
| General subdivision | Foreign public opinion, American. |
| Source of heading or term | BUEsh |
| 9 (RLIN) | 11099 |
| 655 ## - INDEX TERM--GENRE/FORM | |
| Form subdivision | Reading book |
| 700 1# - ADDED ENTRY--PERSONAL NAME | |
| 9 (RLIN) | 11096 |
| Personal name | Pearlstien, Edward W., |
| Relator term | editor. |
| 700 1# - ADDED ENTRY--PERSONAL NAME | |
| 9 (RLIN) | 10601 |
| Personal name | O'Connor, Richard, |
| Dates associated with a name | 1915-1975, |
| Relator term | author of introduction, etc. |
| 730 ## - ADDED ENTRY--UNIFORM TITLE | |
| Uniform title | New York tribune. |
| 9 (RLIN) | 11100 |
| 730 0# - ADDED ENTRY--UNIFORM TITLE | |
| Uniform title | New York herald (New York, N.Y. : 1840) |
| 9 (RLIN) | 11101 |
| 942 ## - ADDED ENTRY ELEMENTS (KOHA) | |
| Source of classification or shelving scheme | Dewey Decimal Classification |
| Koha item type | Book - Borrowing |
| Withdrawn status | Lost status | Source of classification or shelving scheme | Damaged status | Not for loan | Collection code | Home library | Current library | Shelving location | Date acquired | Source of acquisition | Total Checkouts | Total Renewals | Full call number | Barcode | Date last seen | Date checked out | Price effective from | Koha item type |
|---|---|---|---|---|---|---|---|---|---|---|---|---|---|---|---|---|---|---|
| Dewey Decimal Classification | Donation-Gift | Central Library | Central Library | Second Floor | 08/02/2010 | Donation | 2 | 2 | 947.0841 REV | 000019686 | 15/07/2025 | 27/02/2013 | 08/02/2010 | Book - Borrowing |